Against liquidationism / (Record no. 3347)
[ view plain ]
| 000 -LEADER | |
|---|---|
| fixed length control field | 01127cam a2200337 i 4500 |
| 001 - CONTROL NUMBER | |
| control field | 3347 |
| 003 - CONTROL NUMBER IDENTIFIER | |
| rucl marc code | BD-RjUL |
| 005 - DATE AND TIME OF LATEST TRANSACTION | |
| control field | 20211208233721.0 |
| 008 - FIXED-LENGTH DATA ELEMENTS--GENERAL INFORMATION | |
| fixed length control field | 131218s1966 xxrcf b 001 0 eng d |
| 035 ## - SYSTEM CONTROL NUMBER | |
| System control number | (OCoLC)3799760 |
| System control number | (OCoLC)ocm03799760 |
| System control number | (CStRLIN)NYCG24397610-B |
| System control number | (BD-RjUL) |
| System control number | (NNC)46994 |
| 040 ## - CATALOGING SOURCE | |
| Original cataloging agency | NNC |
| Transcribing agency | NNC |
| Language of cataloging | eng |
| 041 1# - LANGUAGE CODE | |
| Language code of text/sound track or separate title | engrus |
| 082 ## - DEWEY DECIMAL CLASSIFICATION NUMBER | |
| Edition number | 23 |
| Classification number | 947.0842 |
| Author mark and year | LEA |
| 090 ## - LOCALLY ASSIGNED LC-TYPE CALL NUMBER (OCLC); LOCAL CALL NUMBER (OCLC) | |
| Classification number (OCLC) (R) ; Classification number, CALL (RLIN) (NR) | HX314 |
| Local cutter number (OCLC) ; Book number/undivided call number, CALL (RLIN) | .L365 1966 |
| 100 1# - MAIN ENTRY--PERSONAL NAME | |
| Personal name | Lenin, Vladimir Il�ich, |
| Dates associated with a name | 1870-1924. |
| 9 (RLIN) | 10521 |
| 245 10 - TITLE STATEMENT | |
| Title | Against liquidationism / |
| Statement of responsibility, etc. | Lenin. |
| 250 ## - EDITION STATEMENT | |
| Edition statement | 2nd rev. ed. |
| 260 ## - PUBLICATION, DISTRIBUTION, ETC. (IMPRINT) | |
| Place of publication, distribution, etc. | Moscow : |
| Name of publisher, distributor, etc. | Progress Publishers, |
| Date of publication, distribution, etc. | 1966 |
| 300 ## - PHYSICAL DESCRIPTION | |
| Pagination | 346p., [1] leaf of plates : |
| Illustrations | port. ; |
| Size | 21 cm. |
| 500 ## - GENERAL NOTE | |
| General note | "Translated from the Russian."--T.p. verso. |
| General note | "... Taken from the English edition of V. I. Lenin's Collected works in 45 volumes prepared by Progress Publishers, Moscow."--T.p verso. |
| 504 ## - BIBLIOGRAPHY, ETC. NOTE | |
| Bibliography, etc | Includes bibliographical references. |
| 650 #0 - SUBJECT ADDED ENTRY--TOPICAL TERM | |
| Topical term or geographic name as entry element | Communism |
| Geographic subdivision | Soviet Union. |
| 9 (RLIN) | 9683 |
| Topical term or geographic name as entry element | Communist party purges. |
| 9 (RLIN) | 10522 |
| 942 ## - ADDED ENTRY ELEMENTS (KOHA) | |
| Source of classification or shelving scheme | Dewey Decimal Classification |
| Koha item type | Books |
| Lost status | Source of classification or shelving scheme | Damaged status | Not for loan | Collection code | Permanent Location | Current Location | Shelving location | Date acquired | Source of acquisition | Cost, normal purchase price | Total Checkouts | Full call number | Date last seen | Copy number | Koha item type |
|---|---|---|---|---|---|---|---|---|---|---|---|---|---|---|---|
| Dewey Decimal Classification | Not For Loan | Non-fiction | Central Library, University of Rajshahi | Central Library, University of Rajshahi | Reading Room | 31/03/1967 | PAK. AMERICAN | 1.50 | 947.0842 LEA 1966 | 18/12/2013 | C-1 | Books |